<?xml version="1.0" encoding="UTF-8"?>
<record
    xmlns:xsi="http://www.w3.org/2001/XMLSchema-instance"
    xsi:schemaLocation="http://www.loc.gov/MARC21/slim http://www.loc.gov/standards/marcxml/schema/MARC21slim.xsd"
    xmlns="http://www.loc.gov/MARC21/slim">

  <leader>00476nam a22001217a 4500</leader>
  <datafield tag="999" ind1=" " ind2=" ">
    <subfield code="c">9862</subfield>
    <subfield code="d">9862</subfield>
  </datafield>
  <controlfield tag="003">OSt</controlfield>
  <controlfield tag="008">201203b           ||||| |||| 00| 0 eng d</controlfield>
  <datafield tag="245" ind1=" " ind2=" ">
    <subfield code="a">The ICFAI University journal of business strategy : IJBS </subfield>
  </datafield>
  <datafield tag="250" ind1=" " ind2=" ">
    <subfield code="a">2017(Mar Vol.14 No.1, Jun Vol.14 No.2, Sep Vol.14 No.3, Dec Vol.14 No.3) 2018(Mar Vol.15 No.1, Jun Vol.15 No.2, Sep Vol.15 No.3, Dec Vol.15 No.4)</subfield>
  </datafield>
  <datafield tag="260" ind1=" " ind2=" ">
    <subfield code="b">ICFAI University Press</subfield>
    <subfield code="a">Hyderabad, Andhra Pradesh </subfield>
  </datafield>
  <datafield tag="650" ind1=" " ind2=" ">
    <subfield code="a">Management</subfield>
  </datafield>
  <datafield tag="942" ind1=" " ind2=" ">
    <subfield code="2">ddc</subfield>
    <subfield code="c">BV</subfield>
  </datafield>
  <datafield tag="952" ind1=" " ind2=" ">
    <subfield code="0">0</subfield>
    <subfield code="1">0</subfield>
    <subfield code="2">ddc</subfield>
    <subfield code="3">Bound Volume</subfield>
    <subfield code="4">0</subfield>
    <subfield code="7">1</subfield>
    <subfield code="8">MBA</subfield>
    <subfield code="a">PIET</subfield>
    <subfield code="b">PIET</subfield>
    <subfield code="d">2020-12-15</subfield>
    <subfield code="e">ICFAI University Press</subfield>
    <subfield code="h">2017(Mar Vol.14 No.1, Jun Vol.14 No.2, Sep Vol.14 No.3, Dec Vol.14 No.3) 2018(Mar Vol.15 No.1, Jun Vol.15 No.2, Sep Vol.15 No.3, Dec Vol.15 No.4)</subfield>
    <subfield code="l">0</subfield>
    <subfield code="p">BV597</subfield>
    <subfield code="r">2020-12-15 00:00:00</subfield>
    <subfield code="w">2017-01-09</subfield>
    <subfield code="y">BV</subfield>
  </datafield>
</record>
